000 04937nam a22008897a 4500
003 CHAP
005 20220329141400.0
008 971013s1984 r 00010 d
010 _a67331
011 _a68303
035 _a77775
040 _cCHAP
082 _a070.595
_bC45
110 _aCentro de Documentación de la Gestión Gubernamental,
_d1982-88 México.
_921058
245 _aCatálogo de documentos
260 _aMéxico :
_bEl Centro,
_c1984
300 _av.
500 _aLa biblioteca tiene: v.1, v.2, v.3, v.4, v.5, v.6, v.7, v.8, v.9, v.10, v.11, v.12, v.13, v.14, v.15, v.16, v.17, v.18, v.19, v.20, v.21, v.22, v.23, v.24, v.25
590 _aBATCH-UPD
_b10
_c20130110
_lUCH01
_h2124
590 _aBATCH-UPD
_b10
_c20130410
_lUCH01
_h1434
590 _aBATCH-UPD
_b10
_c20130914
_lUCH01
_h1945
590 _aCONVERSION
_b10
_c20130109
_lUCH01
_h1337
650 1 4 _aPublicaciones oficiales.
_992709
650 1 4 _aPublicaciones oficiales
_xMéxico.
_992711
901 _aBK
942 _cLIBRO
949 _a070.595 C45
_bBC
_cC
_d33724000462370
_eC
_fv.13 c.2
_h78904
_i77775
_si
949 _a070.595 C45
_bBC
_cC
_d33724000462495
_eC
_fv.1
_h73256
_i77775
_si
949 _a070.595 C45
_bBC
_cC
_d33724000462503
_eC
_fv.11 c.2
_h80804
_i77775
_si
949 _a070.595 C45
_bBC
_cC
_d33724000462511
_eC
_fv.16 c.2
_h78907
_i77775
_si
949 _a070.595 C45
_bBC
_cC
_d33724000462529
_eC
_fv.25
_h78413
_i77775
_si
949 _a070.595 C45
_bBC
_cC
_d33724000462537
_eC
_fv.25 c.2
_h80809
_i77775
_si
949 _a070.595 C45
_bBC
_cC
_d33724000462552
_eC
_fv.4
_h73259
_i77775
_si
949 _a070.595 C45
_bBC
_cC
_d33724000462578
_eC
_fv.20 c.2
_h78595
_i77775
_si
949 _a070.595 C45
_bBC
_cC
_d33724000462586
_eC
_fv.10
_h73265
_i77775
_si
949 _a070.595 C45
_bBC
_cC
_d33724000462610
_eC
_fv.8 c.2
_h80801
_i77775
_si
949 _a070.595 C45
_bBC
_cC
_d33724000462628
_eC
_fv.10 c.2
_h80803
_i77775
_si
949 _a070.595 C45
_bBC
_cC
_d33724000462651
_eC
_fv.13
_h74786
_i77775
_si
949 _a070.595 C45
_bBC
_cC
_d33724000462669
_eC
_fv.18 c.2
_h80806
_i77775
_si
949 _a070.595 C45
_bBC
_cC
_d33724000462677
_eC
_fv.15 c.2
_h78906
_i77775
_si
949 _a070.595 C45
_bBC
_cC
_d33724000462701
_eC
_fv.16
_h74783
_i77775
_si
949 _a070.595 C45
_bBC
_cC
_d33724000462719
_eC
_fv.14 c.2
_h78905
_i77775
_si
949 _a070.595 C45
_bBC
_cC
_d33724000462727
_eC
_fv.9 c.2
_h80802
_i77775
_si
949 _a070.595 C45
_bBC
_cC
_d33724000462750
_eC
_fv.19 c.2
_h87454
_i77775
_si
949 _a070.595 C45
_bBC
_cC
_d33724000462768
_eC
_fv.17 c.2
_h80805
_i77775
_si
949 _a070.595 C45
_bBC
_cC
_d33724000462776
_eC
_fv.21 c.2
_h78909
_i77775
_si
949 _a070.595 C45
_bBC
_cC
_d33724000462859
_eC
_fv.22 c.2
_h78910
_i77775
_si
949 _a070.595 C45
_bBC
_cC
_d33724000462867
_eC
_fv.22
_h74777
_i77775
_si
949 _a070.595 C45
_bBC
_cC
_d33724000462875
_eC
_fv.23
_h78911
_i77775
_si
949 _a070.595 C45
_bBC
_cC
_d33724000462883
_eC
_fv.23 c.2
_h80807
_i77775
_si
949 _a070.595 C45
_bBC
_cC
_d33724000462891
_eC
_fv.24
_h78912
_i77775
_si
949 _a070.595 C45
_bBC
_cC
_d33724000462909
_eC
_fv.24 c.2
_h80808
_i77775
_si
949 _a070.595 C45
_bBC
_cC
_d33724000484572
_eC
_fv.7 c.2
_h78902
_i77775
_si
949 _a070.595 C45
_bBC
_cC
_d33724000484580
_eC
_fv.8
_h73263
_i77775
_si
949 _a070.595 C45
_bBC
_cC
_d33724000484598
_eC
_fv.9
_h73264
_i77775
_si
949 _a070.595 C45
_bBC
_cC
_d33724000484606
_eC
_fv.11
_h74775
_i77775
_si
949 _a070.595 C45
_bBC
_cC
_d33724000484614
_eC
_fv.12
_h74776
_i77775
_si
949 _a070.595 C45
_bBC
_cC
_d33724000484622
_eC
_fv.12 c.2
_h78903
_i77775
_si
949 _a070.595 C45
_bBC
_cC
_d33724000484630
_eC
_fv.15
_h74784
_i77775
_si
949 _a070.595 C45
_bBC
_cC
_d33724000484648
_eC
_fv.17
_h74782
_i77775
_si
949 _a070.595 C45
_bBC
_cC
_d33724000484655
_eC
_fv.18
_h80806
_i77775
_si
949 _a070.595 C45
_bBC
_cC
_d33724000484663
_eC
_fv.19
_h74780
_i77775
_si
949 _a070.595 C45
_bBC
_cC
_d33724000484671
_eC
_fv.20
_h74779
_i77775
_si
949 _a070.595 C45
_bBC
_cC
_d33724000484689
_eC
_fv.21
_h74778
_i77775
_si
949 _a070.595 C45
_bBC
_cC
_d33724000484697
_eC
_fv.7
_h73262
_i77775
_si
949 _a070.595 C45
_bBC
_cC
_d33724000484705
_eC
_fv.6 c.2
_h78901
_i77775
_si
949 _a070.595 C45
_bBC
_cC
_d33724000484713
_eC
_fv.6
_h73261
_i77775
_si
949 _a070.595 C45
_bBC
_cC
_d33724000484721
_eC
_fv.5 c.2
_h78900
_i77775
_si
949 _a070.595 C45
_bBC
_cC
_d33724000484739
_eC
_fv.5
_h73260
_i77775
_si
949 _a070.595 C45
_bBC
_cC
_d33724000484747
_eC
_fv.4 c.2
_h78899
_i77775
_si
949 _a070.595 C45
_bBC
_cC
_d33724000484754
_eC
_fv.14
_h74785
_i77775
_si
949 _a070.595 C45
_bBC
_cC
_d33724000484770
_eC
_fv.3 c.2
_h78898
_i77775
_si
949 _a070.595 C45
_bBC
_cC
_d33724000484788
_eC
_fv.3
_h73258
_i77775
_si
949 _a070.595 C45
_bBC
_cC
_d33724000484796
_eC
_fv.2 c.2
_h78897
_i77775
_si
949 _a070.595 C45
_bBC
_cC
_d33724000484804
_eC
_fv.2
_h73256
_i77775
_si
949 _a070.595 C45
_bBC
_cC
_d33724000903399
_eC
_fv.1 c.2
_h78896
_i77775
_si
999 _c67331
_d67331